Statistics for Bonfire - Childish Gambino - All Lyrics

Click here to take the quiz!

General Stats

  • This quiz has been taken 57 times
  • The average score is 457 of 569

Answer Stats

Answer% Correct
a
100%
E's
100%
I
100%
My
100%
my
100%
n***a
100%
n***a,
100%
n****s
100%
"Ow”
100%
The
100%
the
100%
ass,
98%
ass
98%
Black
98%
black
98%
'R'
98%
be
96%
be,
96%
B-O-O
96%
fuck
96%
Fuck
96%
girl,
96%
girl?
96%
it,
96%
it
96%
It's
96%
It’s
96%
it's
96%
like
96%
me
96%
me,
96%
Gambino
93%
Gambino,
93%
In
93%
in
93%
Okay,
93%
So
93%
so
93%
you
93%
You
93%
you,
93%
Childish
91%
do
91%
no
91%
Or
91%
rap
91%
that,
91%
that
91%
up
91%
up?"
91%
white
91%
an
89%
asscrack
89%
beat
89%
bitch,
89%
bitch
89%
girls
89%
Girls,
89%
"grrr",
89%
I'm
89%
I’m
89%
Move
89%
on
89%
rapper
89%
short
89%
shorts,
89%
some?”
89%
some
89%
to
89%
all,
87%
all
87%
coke
87%
drop
87%
dude,
87%
go
87%
is
87%
know,
87%
know
87%
Now,
87%
now”,
87%
now
87%
over
87%
when
87%
with
87%
Yeah,
87%
yeah,
87%
your
87%
And
84%
Di
84%
either
84%
this
84%
This
84%
about
82%
act
82%
actor
82%
beast,
82%
bonfire,
82%
‘Cause
82%
'cause,
82%
'cause
82%
'Cause
82%
don't
82%
he
82%
I'll
82%
love
82%
man
82%
man,
82%
“Man,
82%
pussy,
82%
And
80%
and
80%
bitches,
80%
can
80%
dick
80%
every
80%
got
80%
grocery
80%
hard
80%
not
80%
shit
80%
shit,
80%
there's
80%
there’s
80%
weird
80%
Adidas,
78%
ain't
78%
Asian
78%
best
78%
better
78%
car
78%
for
78%
lights
78%
out
78%
parked
78%
runnin’
78%
talk
78%
these
78%
These
78%
accent
76%
accent,
76%
blow
76%
call
76%
gotta
76%
green
76%
his
76%
homegirl
76%
mark,
76%
one
76%
see
76%
turn
76%
wanna
76%
why
76%
“You’re
76%
beef,
73%
beef
73%
Centipede
73%
does
73%
everything
73%
favorite
73%
fuckin,
73%
Human
73%
mixtape
73%
pay
73%
rappers
73%
say
73%
should
73%
slavery
73%
sound
73%
stole
73%
supposed
73%
that's
73%
where
73%
who
73%
but
71%
cousin
71%
cousin,
71%
did
71%
dumb
71%
Eatin'
71%
ham
71%
Hot
71%
kill
71%
kiss
71%
ladies,
71%
mothafuckas
71%
of
71%
Oreos
71%
Tell
71%
burnin'
69%
hazy
69%
jam
69%
NASDAQ
69%
new
69%
real
69%
slow
69%
Vodka
69%
whip
69%
whiskey
69%
Zim
69%
440
67%
Brand
67%
building
67%
callin'
67%
grown
67%
him
67%
how
67%
memory
67%
music?
67%
Shoutout
67%
summer
67%
then
67%
they
67%
"What
67%
what
67%
will
67%
Anthony
64%
Camp,
64%
Casey
64%
Check
64%
cousin's
64%
Fly
64%
Made
64%
made
64%
other
64%
play,
64%
play
64%
sayin'
64%
suck
64%
afraid
62%
again,
62%
are
62%
faze
62%
from
62%
give
62%
given
62%
Invader
62%
logo
62%
PETA
62%
retarded,
62%
Told
62%
Tune
62%
was
62%
archvillain
60%
can't
60%
guy
60%
her
60%
Insanity
60%
left
60%
lookin'
60%
Looney
60%
nothing
60%
off,
60%
respect
60%
sky
60%
South,
60%
start
60%
want
60%
awful
58%
even
58%
"First
58%
hate
58%
haven't
58%
little
58%
Princess
58%
stepfather,
58%
straight
58%
think
58%
until
58%
yet”
58%
at
56%
Butcher
56%
dance
56%
Earl
56%
hand
56%
murdered
56%
represent
56%
Second
56%
soft,
56%
swear
56%
bother
53%
just
53%
life
53%
name
53%
nerdy
53%
quit,
53%
sorry
53%
table,
53%
Toejam
53%
under
53%
year?
53%
child's
51%
Chillin'
51%
doin'
51%
dudes
51%
Hangin'
51%
killin'
51%
local
51%
put
51%
Put
51%
seen
51%
soul
51%
goons
49%
Ludwig
49%
Maxim
49%
Rap’s
49%
screamin'
49%
shoes
49%
ask
47%
if
47%
Played
47%
realness
47%
realness,
47%
work,
47%
Kogi
44%
track
44%
Filipina
40%
islands,
40%
Jollibee
40%
sodomy
36%
followed
29%
blerds,
18%

Score Distribution

Percentile by Number Answered

Percent of People with Each Score

Your Score History

You have not taken this quiz